LIBRARY & INFORMATION CENTRE, KCAET, TAVANUR

ONLINE PUBLIC ACCESS CATALOGUE (OPAC)

Electricity and magnetism for degree students / (Record no. 11110)

MARC details
000 -LEADER
fixed length control field 00549cam a2200217ua 4500
041 ## - LANGUAGE CODE
Language code of text/sound track or separate title eng
082 ## - DEWEY DECIMAL CLASSIFICATION NUMBER
Classification number 537
Item number STA/EL
100 ## - MAIN ENTRY--AUTHOR NAME
Personal name Starlling, S.G .
245 ## - TITLE STATEMENT
Title Electricity and magnetism for degree students /
250 ## - EDITION STATEMENT
Edition statement 8 /
260 ## - PUBLICATION, DISTRIBUTION, ETC. (IMPRINT)
Place of publication London :
Name of publisher The English Language book society ,
Year of publication 1962.
300 ## - PHYSICAL DESCRIPTION
Number of Pages 650 ; .
942 ## - ADDED ENTRY ELEMENTS (KOHA)
Koha item type Books
Holdings
Withdrawn status Lost status Damaged status Home library Current library Date acquired Full call number Accession Number Koha item type Cost, normal purchase price
      KAUAET KAUAET 07/04/2012 537 STA/EL 4305 Books  
      KAUAET KAUAET 07/04/2012 537 STA/EL 4265 Books  
      KAUAET KAUAET 07/04/2012 537 STA/EL 4073 Books  
Withdrawn     KAUAET KAUAET 07/04/2012 537 STA/EL 2494 Books 9.60
free website counter